00564nam a2200169 i 450000100060000000300090000600500170001500700030003200800410003510000200007624500580009626000330015430000360018785200320022399900170025595201220027275381ES-MaACL20230906172430.0t|040924s1965 sp ||||1| spa d1 aGras, J.95967710aBases fundamentales de inmunología / cpor J. Gras. aBarcelona : bToray, c1965. aVIII, 128 p. : bil. ; c23 cm. aES-MaACLjC-27349 bR.56099 c75381d75381 00104070aATENEOMbATENEOMcDEPO2d2008-01-17eSCl0oC-27349p1078897r2023-02-23 00:00:00w2023-02-23yMONOGRAFIA